000 00337nam a22001337a 4500
020 _a8123904533
050 0 0 _aQE601
_b.G6 2010
100 1 0 _aGokhale, N. W.
245 1 0 _aTheory of structural geology /
_cN. W. Gokhale.
260 _aNew Delhi :
_bCBS,
_c2010.
300 _av, 224 p. : ill. ;
650 0 _bGeology
_xTheories.
942 _cGEN
999 _c2041
_d2041